<?xml version="1.0" encoding="UTF-8"?>
<record
    xmlns:xsi="http://www.w3.org/2001/XMLSchema-instance"
    xsi:schemaLocation="http://www.loc.gov/MARC21/slim http://www.loc.gov/standards/marcxml/schema/MARC21slim.xsd"
    xmlns="http://www.loc.gov/MARC21/slim">

  <leader>01916nam a2200253Ia 4500</leader>
  <datafield tag="952" ind1=" " ind2=" ">
    <subfield code="0">0</subfield>
    <subfield code="1">0</subfield>
    <subfield code="4">0</subfield>
    <subfield code="7">0</subfield>
    <subfield code="a">08</subfield>
    <subfield code="b">08</subfield>
    <subfield code="d">2011-01-26</subfield>
    <subfield code="l">0</subfield>
    <subfield code="o">RA441.5 I62 1991</subfield>
    <subfield code="p">08 003813</subfield>
    <subfield code="r">2014-11-18</subfield>
    <subfield code="t">1</subfield>
    <subfield code="w">2012-07-20</subfield>
    <subfield code="y">LB</subfield>
  </datafield>
  <datafield tag="952" ind1=" " ind2=" ">
    <subfield code="0">0</subfield>
    <subfield code="1">0</subfield>
    <subfield code="4">0</subfield>
    <subfield code="7">0</subfield>
    <subfield code="a">23</subfield>
    <subfield code="b">23</subfield>
    <subfield code="d">2017-12-20</subfield>
    <subfield code="l">0</subfield>
    <subfield code="o">RA441.5  I62 </subfield>
    <subfield code="p">23 001442</subfield>
    <subfield code="r">2017-12-20</subfield>
    <subfield code="t">1</subfield>
    <subfield code="w">2017-12-20</subfield>
    <subfield code="y">LB</subfield>
  </datafield>
  <datafield tag="999" ind1=" " ind2=" ">
    <subfield code="c">82859</subfield>
    <subfield code="d">82859</subfield>
  </datafield>
  <controlfield tag="008">120721s1991    mx            000 0 spa d</controlfield>
  <datafield tag="020" ind1=" " ind2=" ">
    <subfield code="a">9686664527</subfield>
  </datafield>
  <datafield tag="050" ind1=" " ind2="4">
    <subfield code="a">RA441.5 </subfield>
    <subfield code="b">I62 1991</subfield>
  </datafield>
  <datafield tag="240" ind1="0" ind2="0">
    <subfield code="a">Health Research. Essential Link in Development.</subfield>
    <subfield code="l">Espa&#xF1;ol</subfield>
  </datafield>
  <datafield tag="245" ind1="0" ind2="0">
    <subfield code="a">Investigaci&#xF3;n en salud </subfield>
    <subfield code="b">: informe de la comisi&#xF3;n de investigaci&#xF3;n para el desarrollo </subfield>
    <subfield code="c">/ Adolfo Mart&#xED;nez Valle (coordinador de la edici&#xF3;n en espa&#xF1;ol);pr&#xF3;logo: Jes&#xFA;s Kumate Rodr&#xED;guez; Traductor: Adolfo Mart&#xED;nez Valle</subfield>
  </datafield>
  <datafield tag="250" ind1=" " ind2=" ">
    <subfield code="a">1a edici&#xF3;n</subfield>
  </datafield>
  <datafield tag="260" ind1="3" ind2=" ">
    <subfield code="a">M&#xE9;xico </subfield>
    <subfield code="b">: El Colegio Nacional ; Comisi&#xF3;n Mexicana de Investigaci&#xF3;n en Salud ; Academia Nacional de Medicina</subfield>
    <subfield code="c">, 1991</subfield>
  </datafield>
  <datafield tag="300" ind1=" " ind2=" ">
    <subfield code="a">339 p&#xE1;ginas</subfield>
  </datafield>
  <datafield tag="500" ind1=" " ind2=" ">
    <subfield code="a">T&#xED;tulo de la obra: Health Research. Essential Link in Development. - - Pr&#xF3;logo Jes&#xFA;s Kumate Rodr&#xED;guez</subfield>
  </datafield>
  <datafield tag="504" ind1=" " ind2=" ">
    <subfield code="a">Incluye bibliograf&#xED;a (pp. 313-315)
Incluye bibliograf&#xED;a seleccionada (pp. 317-337)</subfield>
  </datafield>
  <datafield tag="505" ind1=" " ind2=" ">
    <subfield code="a">El reto: salud y desarrollo
&#xBF;Por qu&#xE9; la investigaci&#xF3;n?
Hallazgos: financiamiento de la investigaci&#xF3;n
Las prioridades de la investigaci&#xF3;n
la investigaci&#xF3;n en los pa&#xED;ses en desarrollo
La investigaci&#xF3;n en los pa&#xED;ses industrializados y los centros internacionales
Las acciones futuras
La Comisi&#xF3;n de Investigaci&#xF3;n en Salud vista por dentro
El concepto de investigaci&#xF3;n en salud
El financiamiento y la promoci&#xF3;n de la investigaci&#xF3;n en salud. oportunidades y limitaciones
Problemas mentales y conductuales que afectan la salud en sociedades en desarrollo</subfield>
  </datafield>
  <datafield tag="519" ind1=" " ind2=" ">
    <subfield code="a">Material complementario /</subfield>
    <subfield code="b">Enfermer&#xED;a / </subfield>
    <subfield code="d">(23 001442)</subfield>
  </datafield>
  <datafield tag="650" ind1="1" ind2="0">
    <subfield code="a">SALUD P&#xDA;BLICA</subfield>
    <subfield code="x">INVESTIGACI&#xD3;N</subfield>
    <subfield code="x">PA&#xCD;SES EN DESARROLLO</subfield>
  </datafield>
  <datafield tag="700" ind1="1" ind2=" ">
    <subfield code="a">Mart&#xED;nez Palomo, Adolfo</subfield>
    <subfield code="e">coordinador de la edici&#xF3;n en espa&#xF1;ol</subfield>
  </datafield>
  <datafield tag="700" ind1="1" ind2=" ">
    <subfield code="a">Kumate Rodr&#xED;guez, Jes&#xFA;s</subfield>
    <subfield code="e">pr&#xF3;logo</subfield>
  </datafield>
  <datafield tag="700" ind1="1" ind2=" ">
    <subfield code="a">Mart&#xED;nez Valle, Adolfo</subfield>
    <subfield code="e">traductor</subfield>
  </datafield>
  <datafield tag="942" ind1=" " ind2=" ">
    <subfield code="c">LB</subfield>
  </datafield>
</record>
